Catálogo
 En Linea

Esbozos de mi patria : (Registro nro. 23337)

Detalles MARC
000 -CABECERA
campo de control de longitud fija 01222nam a2200205 a 4500
001 - NÚMERO DE CONTROL
campo de control 000023841
005 - FECHA Y HORA DE LA ÚLTIMA TRANSACCIÓN
campo de control 20200930022516.0
008 - DATOS DE LONGITUD FIJA--INFORMACIÓN GENERAL
campo de control de longitud fija 110114s1978 dr a 000 0 spa d
040 ## - FUENTE DE LA CATALOGACIÓN
Centro catalogador/agencia de origen DO-SdBNP
Lengua de catalogación spa
Centro/agencia transcriptor BNPHU
082 ## - NÚMERO DE LA CLASIFICACIÓN DECIMAL DEWEY
Número de clasificación 972.93
Número de documento/Ítem R696e
100 1# - ENTRADA PRINCIPAL--NOMBRE DE PERSONA
Nombre de persona Rodríguez Pereira, Miguel Ángel
9 (RLIN) 49054
245 10 - MENCIÓN DE TÍTULO
Título Esbozos de mi patria :
Resto del título conceptos históricos /
Mención de responsabilidad, etc. Miguel Ángel Rodríguez Pereira ; prólogo E. Generoso de Marchena Echenique.
260 ## - PUBLICACIÓN, DISTRIBUCIÓN, ETC.
Lugar de publicación, distribución, etc. Santo Domingo :
Nombre del editor, distribuidor, etc. Educativa Dominicana,
Fecha de publicación, distribución, etc. 1978.
300 ## - DESCRIPCIÓN FÍSICA
Extensión 267 p. :
Otras características físicas il. ;
Dimensiones 22 cm.
505 0# - NOTA DE CONTENIDO CON FORMATO
Título Prehistoria --
-- Descubrimiento, conquista y colonización --
-- Época de guerras contra potencias mundiales --
-- Invasión haitiana y período pre-independencia --
-- Períodos de la independencia hasta la anexión --
-- Guerra contra España y período de la Restauración (1863-1865) --
-- Sucesos desde la Restauración (1865) a la tiranía de Hereaux (1899) --
-- Gobiernos desde Figueredo (1899) al del Dr Francisco Henríquez y Carvajal (1916).
590 ## - NOTA LOCAL (RLIN)
Nota local Inventariado, 2020/BT
651 #4 - PUNTO DE ACCESO ADICIONAL DE MATERIA--NOMBRE GEOGRÁFICO
Nombre geográfico República Dominicana
Subdivisión general Historia
Subdivisión de forma ENSAYOS, CONFERENCIAS,ETC.
9 (RLIN) 2203
700 1# - PUNTO DE ACCESO ADICIONAL--NOMBRE DE PERSONA
Nombre de persona Marchena Echenique, E. Generoso de,
Término indicativo de función/relación pról.
9 (RLIN) 49055
910 ## - DATOS DE OPCIÓN DEL USUARIO (OCLC)
Datos de opción del usuario Validado. Control de calidad EMS
Existencias
Estado de retiro Estado de pérdida Restricciones de uso No para préstamo Código de colección Localización permanente Ubicación/localización actual Ubicación en estantería Fecha de adquisición Número de inventario Total de préstamos Signatura topográfica completa Código de barras Fecha visto por última vez Número de copia Precio válido a partir de Tipo de ítem Koha
        Dominicana de Servicio General General Depósito 17.02.2015 LF1   972.93 R696e 23841-30 25.06.2020 e.3 25.06.2020 Libro y Folleto Colección Dominicana de Servicio
      Excluido de préstamo Patrimonio Dominicano Patrimonio Dominicano Patrimonio Dominicano Depósito 21.03.2011 LF1   972.93 R696e 23841-10 25.06.2020   25.06.2020 Libro y Folleto Colección Patrimonio Dominicano
      Excluido de préstamo Patrimonio Dominicano Patrimonio Dominicano Patrimonio Dominicano Depósito 12.05.2014 LF1   972.93 R696e 23841-20 25.06.2020 e.2 25.06.2020 Libro y Folleto Colección Patrimonio Dominicano

Con tecnología Koha